| 000 | | | 04367cbc2a2200000#x 450 |
| 001 | | | c08fe112-c2dd-41ca-b7ff-ccc06fe9b577 |
| 005 | | | 20201012144027.0 |
| 100 | ## | $a | 20170328l18311831k l0rusy0189 ca |
| 101 | 0# | $a | rus |
| 102 | ## | $a | RU |
| 200 | 1# | $a | Дело о назначении медика для французской труппы за отсутствием лейб-медика Рейнгольда на время холеры |
| | $j | 30 июня - 3 июля 1831 г. |
| 251 | ## | $c | Дело |
| 300 | ## | $a | Рукописный текст. Чернила |
| 300 | ## | $a | Оригинальный заголовок дела: Дело с испрашиванием назначения медика для французской труппы по откомандировании господина Рейнгольда. 30 июня - 3 июля 1831 г. |
| 801 | #0 | $a | RU |
| | $b | РГИА |
| | $c | 20170328 |
| 801 | #1 | $a | RU |
| | $b | ГлавНИВЦ |
| | $c | 20170328 |
| | $2 | rusmarc |
| 801 | #2 | $a | RU |
| | $b | ПБ им. Б.Н. Ельцина |
| | $c | 20181210 |
| | $g | RCR |
| | $2 | rusmarc |
| 850 | ## | $a | Федеральное казенное учреждение "Российский государственный исторический архив" (РГИА) |
| 852 | ## | $a | РГИА |
| | $j | 5530 |
| 937 | ## | $h | РГИА |
| | $d | 12241676 |
| | $a | ASBIBLIO_SCAN |
| 462 | #0 | $1 | 001dd3991dc-24e1-42ec-8838-ca4255420416 |
| | $1 | 2001 |
| | $a | 1746-1850 гг. |
| | $v | Д. 5530 |
| | $1 | 251 |
| | $c | Опись |
| | $1 | 852 |
| | $j | 1 |
| 461 | #0 | $1 | 0019264ebf8-de62-4f1a-9eb4-9f22098dbbd5 |
| | $1 | 2001 |
| | $a | Дирекция императорских театров МИДв |
| | $1 | 251 |
| | $c | Фонд |
| | $1 | 852 |
| | $j | 497 |
| 215 | ## | $a | 4 листа |
| | $d | 36,5х26 см |
| 371 | ## | $a | Документ не является опубликованным и широко распространяемым |
| 105 | ## | $a | y### |
| 122 | 2# | $a | d18310630## |
| | $a | d18310703## |
| 517 | 1# | $a | Дело с испрашиванием назначения медика для французской труппы по откомандировании господина Рейнгольда |
| | $e | 30 июня - 3 июля 1831 г. |
| 035 | ## | $a | c08fe112-c2dd-41ca-b7ff-ccc06fe9b577 |
| 856 | ## | $u | http://readingroom.main.prlib.ru/item.aspx?id_node=n121478431&mode=full |
| 605 | ## | $2 | acquisition_Prlib |
| | $3 | LIBNET\UAF\0000089563 |
| | $a | Предупреждение и борьба с эпидемиями в России |
| | $l | коллекция |